[Event "XXII Open de Gros"]
[Site "Donostia"]
[Date "2012.09.24"]
[Round "5"]
[White "Izagirre Alsua, Aritz"]
[Black "Jauregi Barandiaran, Jon"]
[Result "1/2-1/2"]
[WhiteElo "1846"]
[BlackElo "1567"]

1.e4 d6 2.Bc4 Nf6 3.d3 e5 4.Nf3 Be7 5.c3 Nbd7 6.Bb3 O-O 7.O-O c6 8.Re1 b5 
9.Nbd2 Bb7 10.Nf1 Nb6 11.Ng3 Bc8 12.h3 a5 13.Bc2 Qc7 14.Bg5 h6 15.Bc1 Re8 
16.a3 Bf8 17.Nh4 d5 18.Nhf5 dxe4 19.dxe4 Nc4 20.Qf3 Be7 21.Nxe7+ Qxe7 22.
Nf5 Bxf5 23.Qxf5 Red8 24.Qf3 Qe6 25.Qe2 a4 26.b3 Nb6 27.Rb1 Nfd7 28.Be3 
Qe7 29.b4 Nc4 30.Ra1 Ndb6 31.Bd3 Qe6 32.Bxb6 Nxb6 33.Rec1 Nc4 34.Bxc4 Qxc4
35.Qxc4 bxc4 36.Rd1 Kf8 37.Kf1 Ke7 38.Ke2 Rxd1 39.Rxd1 Rd8 40.Rxd8 Kxd8 
41.Kf3 Ke7 42.Kg4 g6 43.f4 exf4 44.Kxf4 Ke6 45.h4 f6 46.g4 g5+ 47.hxg5 
hxg5+ 48.Kf3 Kd6 49.Kf2 Ke6 50.Ke2 Kd6 51.Ke3 Ke5 52.Kf3 Kd6 53.Ke3 Ke5 
54.Kf3 Kd6 55.Ke3 Ke5 56.Kf3 1/2-1/2

[Event "XXII Open de Gros"]
[Site "Donostia"]
[Date "2012.09.24"]
[Round "5"]
[White "Garrido Dominguez, Jose Antoni"]
[Black "Moreiro Sanchez, Silvestre"]
[Result "1-0"]
[WhiteElo "1592"]
[BlackElo "1502"]

1.e4 g6 2.Bc4 Bg7 3.Qf3 e6 4.Nh3 Nc6 5.Bb3 Nd4 6.Qd1 b6 7.c3 Nxb3 8.Qxb3 
Bb7 9.d3 Nf6 10.O-O O-O 11.Bg5 h6 12.Bh4 d6 13.f4 e5 14.f5 g5 15.Be1 Ba6 
16.c4 c5 17.Nc3 Kh7 18.a4 Bb7 19.Qd1 Rg8 20.Nf2 Bf8 21.Ng4 Be7 22.h3 Nh5 
23.Nd5 Bxd5 24.cxd5 Nf6 25.Kf2 Rc8 26.b3 a5 27.Rh1 Kg7 28.Bd2 Rh8 29.Qe2 
h5 30.Ne3 h4 31.Nc4 Nh5 32.Qg4 f6 33.Rhg1 Rb8 34.Kf3 Kf7 35.Ke3 Qf8 36.Na3
Qh6 37.Nb5 Rb7 38.Rac1 Ng3 39.Be1 Qh5 40.Bxg3 Qxg4 41.hxg4 hxg3 42.Rh1 
Rbb8 43.Kf3 Rh4 44.Kxg3 Rbh8 45.Rh3 Rxh3+ 46.gxh3 Rh4 47.Rh1 Ke8 48.Kf3 
Kd7 49.Ke2 Kc8 50.Kd2 Kb7 51.Kc3 Rh8 52.Kc4 Rc8 53.h4 Rh8 54.h5 Bf8 55.Na3
Ka6 56.Nb5 Rh7 57.Ra1 Kb7 58.Nc3 Ka6 59.Ne2 Rb7 60.Nc3 Rh7 61.Rh1 Bg7 62.
Ne2 Bh6 63.Ng3 Rb7 64.Ra1 Rh7 65.Ra3 Rb7 66.Ne2 Rh7 67.Nc3 Bf8 68.Ra2 Bg7 
69.Nb5 Bf8 70.Rh2 Rh6 71.Nc7+ Kb7 72.Ne6 Be7 73.Kb5 Rh8 74.h6 Bf8 75.Nxf8 
Rxf8 76.h7 Rh8 77.Rh6 Kc7 78.Rxf6 Rxh7 79.Rg6 Rh3 1-0

[Event "XXII Open de Gros"]
[Site "Donostia"]
[Date "2012.09.24"]
[Round "5"]
[White "Vaquero Vicente, Jose"]
[Black "Vadillo Jueguen, Jon"]
[Result "0-1"]
[WhiteElo "1458"]
[BlackElo "1574"]

1.e4 c5 2.Nf3 Nc6 3.c3 d6 4.Bb5 Bd7 5.d4 cxd4 6.Nxd4 g6 7.Nxc6 Bxc6 8.
Bxc6+ bxc6 9.O-O Nf6 10.Re1 Bg7 11.Bg5 O-O 12.Na3 Qa5 13.Qd2 Rfe8 14.Nc2 
Nd7 15.a3 Nb6 16.Be3 Nc4 17.Qc1 Nxb2 18.Qxb2 Bxc3 19.Qa2 Bxe1 20.Nxe1 Qe5 
21.f3 d5 22.Rd1 dxe4 23.Rd4 exf3 24.Qf2 fxg2 25.Nf3 Qb5 26.Ng5 Qf1+ 27.
Qxf1 gxf1=Q+ 28.Kxf1 Red8 29.Rc4 Rd3 30.Bc5 e6 31.Be7 Rb8 32.Ke2 Rd7 33.
Bf6 h6 34.Ne4 Rc8 35.Be5 Rd5 36.Nf6+ Kf8 37.Nxd5 exd5 38.Rc3 Re8 39.Re3 f6
40.Bd6+ Kf7 41.Bc5 a6 42.Kf3 Rxe3+ 43.Kxe3 Ke6 44.Bd4 f5 45.h4 g5 46.h5 
f4+ 47.Kf3 Kf5 48.Bg7 g4+ 49.Kf2 Kg5 50.Be5 f3 51.Kg3 Kxh5 52.Bf4 c5 0-1

[Event "XXII Open de Gros"]
[Site "Donostia"]
[Date "2012.09.25"]
[Round "6"]
[White "Franco Alonso, Alejandro"]
[Black "Aranzabal Minguez, Alex"]
[Result "1-0"]
[WhiteElo "2479"]
[BlackElo "1881"]

1.c4 e5 2.g3 Nf6 3.Bg2 Nc6 4.Nc3 Bb4 5.Nd5 Bc5 6.Nf3 d6 7.O-O O-O 8.d3 h6 
9.a3 a5 10.e3 Be6 11.d4 Ba7 12.Nxf6+ Qxf6 13.d5 Bg4 14.h3 Bxf3 15.Qxf3 
Qxf3 16.Bxf3 Nb8 17.b4 axb4 18.axb4 Nd7 19.Bb2 Bb6 20.g4 g6 21.Kh2 Kh7 22.
Be4 Kg7 23.Bc2 f6 24.h4 Rxa1 25.Rxa1 Rh8 26.h5 g5 27.Bf5 Rd8 28.Kg2 Kf7 
29.Kf3 Ke7 30.Ke4 Rc8 31.Ra3 c5 32.dxc6 Rxc6 33.Kd3 Rc8 34.Ra1 e4+ 35.Bxe4
Ne5+ 36.Bxe5 fxe5 37.Bxb7 Rb8 38.Bd5 Rf8 39.Ra6 Rb8 40.Ke4 Kd7 41.Kf5 Kc7 
42.Ra8 Rxa8 43.Bxa8 Kd7 44.Kg6 Ke7 45.Kxh6 Kf6 46.Kh7 Bd8 47.Kg8 Be7 48.h6
1-0

[Event "XXII Open de Gros"]
[Site "Donostia"]
[Date "2012.09.25"]
[Round "6"]
[White "Hernandez, Elvis"]
[Black "Argandona Riveiro, Inigo"]
[Result "0-1"]
[WhiteElo "2289"]
[BlackElo "2394"]

1.e4 g6 2.d4 Bg7 3.Nc3 c6 4.Nf3 d5 5.h3 Nh6 6.Bd3 O-O 7.O-O f6 8.Re1 Nf7 
9.Bf1 e6 10.Be3 Nd7 11.Qd2 Nb6 12.b3 Bd7 13.Rad1 Nc8 14.Qd3 Ncd6 15.Bc1 b5
16.Ba3 Qa5 17.Bxd6 Nxd6 18.e5 Nf7 19.exf6 Bxf6 20.Ne2 e5 21.dxe5 Nxe5 22.
Nxe5 Bxe5 23.Nd4 Rae8 24.Re3 Qxa2 25.Nxb5 Bf5 26.Qe2 Qxc2 27.Rd2 Qc1 28.
Nd4 Be4 29.Rc2 Bxc2 30.Rxe5 Bd3 31.Qxd3 Rxe5 32.Kh2 Qf4+ 0-1

[Event "XXII Open de Gros"]
[Site "Donostia"]
[Date "2012.09.25"]
[Round "6"]
[White "Martinet, Regis"]
[Black "Riesco Lecuona, Juan Manuel"]
[Result "0-1"]
[WhiteElo "2080"]
[BlackElo "1908"]

1.d4 f5 2.g4 e6 3.gxf5 exf5 4.Nf3 Nf6 5.Bg5 Be7 6.e3 d5 7.Nbd2 c6 8.Bd3 
Ne4 9.Bf4 Nd7 10.Qe2 Ndf6 11.Ne5 Qb6 12.Rb1 Nxd2 13.Qxd2 Be6 14.c3 Ne4 15.
Qe2 O-O-O 16.O-O g5 17.Bg3 Rdg8 18.f3 Nxg3 19.hxg3 Bd6 20.Kg2 Bxe5 21.dxe5
f4 22.g4 h5 23.Bf5 Bxf5 24.gxf5 Qc7 25.exf4 gxf4+ 26.Kh2 Rg3 27.Rg1 Qg7 
28.Rg2 Qg5 29.Kg1 Qxf5 30.Rf1 Rhg8 31.Rf2 Qh3 32.e6 Rxg2+ 33.Rxg2 Rxg2+ 
34.Qxg2 Qxg2+ 35.Kxg2 Kd8 36.Kh3 Ke7 37.Kh4 Kxe6 38.Kxh5 c5 39.Kg4 Ke5 40.
Kh3 b5 41.Kg2 b4 42.Kf2 bxc3 43.bxc3 d4 44.Ke2 dxc3 45.Kd3 c2 46.Kxc2 Kd4 
47.Kd2 a5 48.a4 Kc4 49.Kc2 Kb4 50.Kd3 c4+ 0-1

[Event "XXII Open de Gros"]
[Site "Donostia"]
[Date "2012.09.25"]
[Round "6"]
[White "Bello Castano, Diego"]
[Black "Guijarro Galan, Jose Luis"]
[Result "0-1"]
[WhiteElo "1879"]
[BlackElo "2121"]

1.Nf3 g6 2.b3 Bg7 3.d4 Nf6 4.Bb2 O-O 5.Nbd2 c5 6.e4 cxd4 7.Nxd4 Nc6 8.Bd3 
e5 9.N4f3 Nh5 10.O-O Nf4 11.Nc4 Nd4 12.Ncxe5 Bxe5 13.Bxd4 Bxd4 14.Nxd4 Qg5
15.Qf3 d5 16.exd5 Bh3 17.Qg3 Qxd5 18.gxh3 Qxd4 19.Rad1 Rad8 20.Rfe1 Qf6 
21.a4 Rd5 22.h4 Rh5 23.Be4 Rxh4 24.Bxb7 h5 25.Bf3 Rh3 0-1

[Event "XXII Open de Gros"]
[Site "Donostia"]
[Date "2012.09.25"]
[Round "6"]
[White "Zubia Aramburu, Mikel"]
[Black "Segovia Sanchez, Antonio"]
[Result "0-1"]
[WhiteElo "1791"]
[BlackElo "2004"]

1.c4 e5 2.Nc3 Nf6 3.g3 Bc5 4.Bg2 O-O 5.e3 d6 6.Nge2 c6 7.O-O Bg4 8.d4 Bb6 
9.h3 Bxe2 10.Nxe2 a5 11.b3 Na6 12.Bb2 Qe7 13.Qd2 Rfe8 14.Nc3 Rad8 15.d5 e4
16.dxc6 bxc6 17.Na4 Bc7 18.Bc3 d5 19.c5 Nxc5 20.Bxa5 Nxa4 21.Bxc7 Qxc7 22.
bxa4 Ra8 23.Qc2 c5 24.Rfc1 c4 25.Rab1 Qc6 26.Rb4 Nd7 27.Rcb1 Nc5 28.Rb5 
Nxa4 29.Qd2 Rec8 30.Rxd5 Nc3 31.Bxe4 Nxe4 0-1

[Event "XXII Open de Gros"]
[Site "Donostia"]
[Date "2012.09.25"]
[Round "6"]
[White "Tung, Siu Hung"]
[Black "Sarasola Ouvina, Javier"]
[Result "0-1"]
[WhiteElo "1895"]
[BlackElo "1842"]

1.e4 e6 2.d4 d5 3.e5 c5 4.c3 Nc6 5.Nf3 Qb6 6.a3 Bd7 7.b4 cxd4 8.cxd4 a6 9.
Nc3 Nge7 10.Na4 Qa7 11.Nc5 Bc8 12.Bd3 b6 13.Nb3 Nf5 14.O-O g6 15.Bg5 Bg7 
16.Rc1 Bd7 17.g4 Nfe7 18.Qd2 Ng8 19.Nh4 Nce7 20.Ng2 Ba4 21.Qb2 h6 22.Be3 
h5 23.f3 Nh6 24.Be2 Bb5 25.Bg5 hxg4 26.fxg4 Nxg4 27.Bxg4 Bxf1 28.Rxf1 Rc8 
29.Qf2 Nf5 30.Bxf5 gxf5 31.Qg3 Kd7 32.Bf6 Bxf6 33.exf6 Rhg8 34.Qh4 Rc2 35.
Rf2 Qc7 36.Nd2 Qc3 37.Qf4 Rg4 38.Qh6 Qxd4 39.h3 Rg6 40.Qh7 Qxf6 41.Kf1 Rg7
42.Qh5 Qd4 43.Qe2 Qa1+ 44.Ne1 Qxa3 45.Nxc2 Qxh3+ 46.Ke1 Rg1+ 47.Nf1 Qc3+ 
48.Qd2 Qe5+ 49.Qe3 Qc7 50.Nd4 Rg4 51.Nd2 Qc1+ 52.Ke2 Qb2 53.Kf1 Qxd4 54.
Qh3 Qxb4 55.Qd3 b5 56.Nf3 Qe4 57.Qc3 Qb1+ 58.Ne1 Re4 59.Qa5 Qb4 60.Qa1 a5 
61.Nf3 Qc4+ 62.Kg2 Qa4 63.Qc3 Qb4 64.Ne5+ Rxe5 65.Qxe5 Qe4+ 66.Qxe4 dxe4 
67.Kg3 Kd6 68.Kf4 a4 69.Ra2 Kd5 70.Ke3 Kc4 71.Kd2 Kb3 72.Ra1 Kb2 73.Re1 a3
74.Ke3 b4 75.Kd4 a2 76.Re2+ Ka3 77.Re1 b3 0-1

[Event "XXII Open de Gros"]
[Site "Donostia"]
[Date "2012.09.25"]
[Round "6"]
[White "Ijurko Erroizena, Jose Angel"]
[Black "Elizondo Market, Juan Marcos"]
[Result "0-1"]
[WhiteElo "1617"]
[BlackElo "1873"]

1.e4 c5 2.Nf3 d6 3.d3 g6 4.g3 Bg7 5.Bg2 Nc6 6.O-O Rb8 7.Re1 e6 8.c3 Nge7 
9.Bf4 e5 10.Bg5 O-O 11.Nbd2 b5 12.Nf1 Be6 13.Qd2 b4 14.Bh6 bxc3 15.bxc3 
Qa5 16.Bxg7 Kxg7 17.Ng5 Bd7 18.Ne3 h6 19.Bh3 Bxh3 20.Nxh3 Rb7 21.Rab1 Rfb8
22.Qc2 Rxb1 23.Rxb1 Rxb1+ 24.Qxb1 Qxc3 25.f4 Nd4 26.Qf1 Qd2 27.Ng4 h5 28.
Ngf2 Nf3+ 29.Kg2 Ne1+ 30.Kh1 Nc6 31.Ng1 Nd4 32.fxe5 dxe5 33.Nfh3 Nxd3 34.
Nf3 Nxf3 35.Qxf3 c4 36.a3 c3 37.Ng5 Qe1+ 38.Kg2 Qf2+ 0-1

[Event "XXII Open de Gros"]
[Site "Donostia"]
[Date "2012.09.25"]
[Round "6"]
[White "Berdote Alonso, Carlos"]
[Black "Orube Bona, Andoni"]
[Result "1/2-1/2"]
[WhiteElo "1764"]
[BlackElo "1791"]

1.c4 Nf6 2.g3 g6 3.Bg2 Bg7 4.Nc3 O-O 5.d4 d6 6.Nf3 Na6 7.O-O c5 8.e3 Qc7 
9.b3 Bg4 10.h3 Bf5 11.Nh4 Bd7 12.Bb2 Nb4 13.a3 Nc6 14.d5 Na5 15.Nb1 Qb6 
16.Nd2 Ba4 17.Bxf6 Bxf6 18.Rb1 Nxb3 19.Nxb3 Qa6 20.Qd3 b5 21.Rfc1 Rfb8 22.
Nd2 Rb6 23.Bf1 Rab8 24.Qe4 Qa5 25.cxb5 Bxb5 26.Bxb5 Qxd2 27.Nf3 Qa2 28.Bd3
Qxa3 1/2-1/2

[Event "XXII Open de Gros"]
[Site "Donostia"]
[Date "2012.09.25"]
[Round "6"]
[White "Abalia Patino, Aritz"]
[Black "Rodriguez Cabrera, Fco. Javier"]
[Result "1/2-1/2"]
[WhiteElo "1610"]
[BlackElo "1945"]

1.e4 c5 2.Nf3 d6 3.d4 cxd4 4.Nxd4 Nf6 5.Nc3 a6 6.Bc4 e6 7.O-O b5 8.Bd3 b4 
9.Na4 Be7 10.Bd2 e5 11.Nf3 Bd7 12.c3 a5 13.Bc2 Nc6 14.b3 O-O 15.h3 bxc3 
16.Nxc3 Rc8 17.Rc1 Be6 18.Re1 Nb4 19.Bb1 1/2-1/2

[Event "XXII Open de Gros"]
[Site "Donostia"]
[Date "2012.09.25"]
[Round "6"]
[White "Vadillo Jueguen, Jon"]
[Black "Guerrero Itarte, Alfredo"]
[Result "1/2-1/2"]
[WhiteElo "1574"]
[BlackElo "1862"]

1.c4 e5 2.Nc3 Nf6 3.Nf3 e4 4.Ng5 b5 5.cxb5 d5 6.d3 h6 7.Nh3 Bxh3 8.gxh3 
Bb4 9.a3 Bxc3+ 10.bxc3 a6 11.dxe4 Nxe4 12.Qd4 Qf6 13.Qxf6 Nxf6 14.bxa6 
Nxa6 15.Bg2 Rc8 16.Be3 O-O 17.Rg1 c5 18.Bf3 Kh7 1/2-1/2

[Event "XXII Open de Gros"]
[Site "Donostia"]
[Date "2012.09.25"]
[Round "6"]
[White "Puga Senar, Fernando"]
[Black "Cejudo Urdampilleta, Jose Manuel"]
[Result "0-1"]
[WhiteElo "1808"]
[BlackElo "1675"]

1.d4 d5 2.c4 e6 3.Nf3 c5 4.e3 Nf6 5.Nc3 Nc6 6.Be2 Be7 7.O-O O-O 8.a3 cxd4 
9.exd4 dxc4 10.Bxc4 a6 11.Be3 b5 12.Bd3 Bb7 13.Qe2 Rc8 14.Rad1 Qc7 15.Ne4 
h6 16.Nxf6+ Bxf6 17.Bb1 Ne7 18.Rc1 Qd6 19.Qd3 Ng6 20.Qe2 Nf4 21.Bxf4 Qxf4 
22.Qd3 g6 23.Qe3 Qd6 24.Rxc8 Rxc8 25.Ne5 Qd5 26.Nf3 Kg7 27.Re1 Bg5 28.Qd3 
Rc1 29.Bc2 Qc6 30.Rxc1 Bxc1 31.Ne1 Bxb2 32.h4 h5 33.Bb3 Qe4 34.Qxe4 Bxe4 
35.Nc2 Bxc2 36.Bxc2 Bxa3 37.f3 0-1

[Event "XXII Open de Gros"]
[Site "Donostia"]
[Date "2012.09.25"]
[Round "6"]
[White "Espin Laborde, Jesus Maria"]
[Black "Garrido Dominguez, Jose Antoni"]
[Result "1-0"]
[WhiteElo "1739"]
[BlackElo "1592"]

1.e4 e5 2.Nf3 d6 3.d4 f6 4.d5 Bg4 5.h3 Bh5 6.Be2 Bg6 7.Bd3 a6 8.c4 c5 9.
dxc6 Nxc6 10.a3 Bh5 11.g4 Bf7 12.Nc3 Be6 13.Nd5 Bxd5 14.exd5 Na7 15.Qa4+ 
Qd7 16.Qxd7+ Kxd7 17.Bf5+ Ke8 18.Be3 Nc8 19.Kd2 Nge7 20.Be6 Ng6 21.Rac1 
Nf4 22.Bxf4 exf4 23.Rhe1 Be7 24.b4 g5 25.c5 Kf8 26.Bxc8 Rxc8 27.cxd6 Rxc1 
28.dxe7+ Ke8 29.Kxc1 Kd7 30.Nd4 Re8 31.Nf5 b5 32.d6 h6 33.Kb1 Rh8 34.Rc1 
Ke6 1-0

[Event "XXII Open de Gros"]
[Site "Donostia"]
[Date "2012.09.25"]
[Round "6"]
[White "Jauregi Barandiaran, Jon"]
[Black "Parron Luceno, David"]
[Result "0-1"]
[WhiteElo "1567"]
[BlackElo "1580"]

1.e4 c6 2.d4 d6 3.Nf3 Bg4 4.Be2 Nf6 5.Nc3 Nbd7 6.O-O g6 7.Be3 Bg7 8.Qd2 
O-O 9.Bh6 b5 10.a3 Qc7 11.Bxg7 Kxg7 12.h3 Bxf3 13.Bxf3 a6 14.Rfe1 Rad8 15.
Rad1 Nb6 16.b3 Rfe8 17.Qe3 e5 18.Qd2 c5 19.d5 c4 20.Na2 Rc8 21.Nb4 cxb3 
22.cxb3 Qb7 23.Rc1 Rxc1 24.Rxc1 Rc8 25.Rc3 Nfd7 26.Bg4 Rxc3 27.Qxc3 Nc5 
28.Bf3 h5 29.Nc6 Nbd7 30.b4 Na4 31.Qc2 Qc7 32.Bd1 Nab6 33.Be2 Nf6 34.Bd3 
h4 35.Na5 Qxc2 36.Bxc2 Kf8 37.Bd3 Nc4 38.Nxc4 bxc4 39.Bxc4 Nxe4 40.Bxa6 
Ke7 41.Bb7 Kd8 42.a4 Kc7 43.Bc6 f6 44.Kf1 Nc3 45.a5 Kb8 46.b5 Na4 47.Ke2 
Nc5 48.f3 g5 49.Kd2 Nb3+ 50.Kc3 Nxa5 51.Kb4 Nb7 52.Bd7 Nc5 53.Bf5 Ka7 54.
Ka5 Nb3+ 55.Kb4 Nd4 56.Bd3 Kb6 57.Bf1 Nc2+ 58.Kc3 Ne3 59.Bd3 Nxg2 60.Kb4 
Nf4 61.Bf5 Nxd5+ 0-1

[Event "XXII Open de Gros"]
[Site "Donostia"]
[Date "2012.09.25"]
[Round "6"]
[White "Portugal Sarasola, Martin"]
[Black "Santos Martinez, Juan Maria"]
[Result "0-1"]
[WhiteElo "1552"]
[BlackElo "1389"]

1.d4 d5 2.Bf4 c6 3.h3 Nf6 4.e3 g6 5.Nf3 Bg7 6.c4 O-O 7.Nbd2 Nh5 8.Bh2 Nd7 
9.cxd5 cxd5 10.Bd3 Nb6 11.b3 Nf6 12.O-O Bd7 13.Ne5 Be6 14.Ndf3 Ne4 15.Nd2 
Nxd2 16.Qxd2 Nd7 17.f4 Nf6 18.Rac1 Ne4 19.Qb4 Rb8 20.Nf3 f5 21.Rc7 Nd6 22.
Rfc1 Bf7 23.Ng5 e6 24.Nxf7 Rxf7 25.Rxf7 Kxf7 26.Bg3 Bf6 27.Qc3 Rc8 28.Qe1 
Rxc1 29.Qxc1 Qc8 30.Qa3 Qb8 31.Be1 Be7 32.Bb4 a6 33.Bc5 Qc7 34.Qb2 b5 35.
b4 Nc4 36.Bxc4 bxc4 37.Qc3 Qc6 38.Bxe7 Kxe7 39.Kh2 Qa4 40.a3 Qd1 41.Kg3 
Kf6 42.Kf2 h5 43.Kg3 Qb3 44.Qc1 c3 0-1